1314 1511 1030 1531 1001 1904 1959 1424 1587 1589 1644 1698 1047 1727 1317 1579 1624 1990 1675 1295 1441 1034 1922 1751 1093 1906 1376 1714 1671 1150 1516 1620 1821 1794 1130 1171 1288 1971 1664 1718 1061 1496 1226 1863 1650 1887 1743 1304 1114 1058 1187 1816 1435 1685 1507 1858 1026 1006 1563 1151 1882 1377 1543 1187 1780 1903 1476 1442 1503 1011 1530 1579 1221 1810 1455 1997 1999 1962 1055 1200 1395 1802 1821 1783 1370 1334 1662 1457 1500 1668 1228 1291 1037 1769 1401 1927 1071 1667 1972 BCNSPRNW ULIB Ver.6.0+V

เปลี่ยนเป็นภาษาไทย

Change to English
 แสดงรายละเอียดบรรณานุกรม
  กลับหน้าหลัก

Brief Record : Get Marc (ISO 2709) : E-mail record : QR code < ปิดหน้าต่าง
LEADER : 00000nam 2200000uu 4500
001    13399120050
003     ULIB
008    020711s2552 th a 000 0 tha d
020    9786117057137
090    นว.^bฟ367ส
100    ฟ้าใส ไอรดา
245    สุดผืนทราย..ปลายทางแห่งรัก /^cฟ้าใส ไอรดา
260     กรุงเทพฯ^bSimply Book - Love Novels.,^c2552
300    182 หน้า
945    ^p150^l0^i15825
999    ^aทศพร เกษรทอง
รายการนี้ยังไม่มีแท็ก
คุณยังไม่ได้ล็อกอิน คุณสามารถมีกิจกรรมร่วมกับเว็บไซต์ได้ แต่ต้องล็อกอินก่อน ::
  ล็อกอิน

รายการสื่อสารสนเทศ

ลำดับที่ ประเภท เลขเรียก/บาร์โค้ด สถานที่ สถานะ
1. นวนิยาย
นวนิยาย
นว. ฟ367ส ฉ.1 
  Barcode: 15825
ห้องสมุดวิทยาเขตสวรรค์ประชารักษ์
►นวนิยาย
บนชั้น
  ขอยืม

รายการใกล้เคียง
    ผู้แต่ง [ฟ้าใส ไอรดา]

BibComment


ยังไม่เคยถูกคอมเมนท์

คอมเมนท์ทรัพยากรรายการนี้
  คอมเมนท์: สุดผืนทรายปลายทาง..


 Copyright 2026. Bcnsprnw @Library